| Tag |
First Indicator |
Second Indicator |
Subfields |
| LEADER |
00000cam a2200000 4500 |
| 001 |
in00001908013 |
| 006 |
m | d | |
| 007 |
cr |n||||||||n |
| 008 |
810306s1769 ie |||| s 00||||eng d |
| 005 |
20260407190924.4 |
| 035 |
|
|
|a (CStRLIN)ESTCT110955
|
| 040 |
|
|
|a Uk-ES
|c Uk-ES
|d Cu-RivES
|d CStRLIN
|d Thomson Gale
|d UtOrBLW
|
| 100 |
1 |
|
|a Ruffhead, Owen,
|d 1723-1769.
|
| 245 |
1 |
4 |
|a The life of Alexander Pope :
|b Esq. Compiled from original manuscripts; with a critical essay on his writings and genius. By Owen Ruffhead, Esq. To which are added, Mr. Pope's letters to a lady, ... in two volumes. ...
|
| 264 |
|
3 |
|a Dublin :
|b printed for S. Powell, P. Wilson, J. Exshaw, H. Saunders, W. Sleater, [and 6 others in Dublin],
|c 1769.
|
| 300 |
|
|
|a 2 volumes,plate :
|b portrait ;
|c 12⁰.
|
| 336 |
|
|
|a text
|b txt
|2 rdacontent
|
| 337 |
|
|
|a computer
|b c
|2 rdamedia
|
| 338 |
|
|
|a online resource
|b cr
|2 rdacarrier
|
| 500 |
|
|
|a Reproduction of original from the British Library.
|
| 510 |
4 |
|
|a English Short Title Catalog,
|c ESTCT110955.
|
| 533 |
|
|
|a Electronic reproduction.
|b Farmington Hills, Mich. :
|c Thomson Gale,
|d 2003.
|n Available via the World Wide Web.
|n Access limited by licensing agreements
|7 s2003 miunns
|
| 500 |
|
|
|a Electronic resource.
|
| 830 |
|
0 |
|a Eighteenth century collections online.
|
| 856 |
4 |
0 |
|u http://proxy.library.tamu.edu/login?url=https://galenet.galegroup.com/servlet/ECCO?c=1&stp=Author&ste=11&af=BN&ae=T110955&tiPG=1&dd=0&dc=flc&docNum=CW115382782&vrsn=1.0&srchtp=a&d4=0.33&n=10&SU=0LRK&locID=txshracd2898
|z Full text online
|t 0
|
| 999 |
|
|
|a MARS
|
| 999 |
f |
f |
|s 6691eeb8-d069-3cfa-9144-87c5dc613fa0
|i 3a935dbb-2194-34ee-89bc-e82ccb54f40d
|t 0
|
| 952 |
f |
f |
|a Texas A&M University
|b College Station
|c Electronic Resources
|s www_evans
|d Available Online
|t 0
|h No information provided
|
| 998 |
f |
f |
|t 0
|l Available Online
|